Profitability trends in Northern industries Yorkshire and Humberside and North (the North East and Cumbria) : (Record no. 17890)
[ view plain ]
| 000 -LEADER | |
|---|---|
| fixed length control field | 00882nam a22002057a 4500 |
| 008 - FIXED-LENGTH DATA ELEMENTS--GENERAL INFORMATION | |
| fixed length control field | 131222n19uu xxkdo gr|||| 000 0 eng d |
| 043 ## - GEOGRAPHIC AREA CODE | |
| Geographic area code | e-uk-en |
| 082 04 - DEWEY DECIMAL CLASSIFICATION NUMBER | |
| Edition number | 22 |
| Classification number | 338.0942 |
| Item number | PRO |
| 110 2# - MAIN ENTRY--CORPORATE NAME | |
| 9 (RLIN) | 34732 |
| Corporate name or jurisdiction name as entry element | Durham University Business School |
| 245 10 - TITLE STATEMENT | |
| Title | Profitability trends in Northern industries Yorkshire and Humberside and North (the North East and Cumbria) : |
| Remainder of title | a study for Lloyd Bowmaker / |
| Statement of responsibility, etc | by Durham University Business School. |
| 260 ## - PUBLICATION, DISTRIBUTION, ETC. (IMPRINT) | |
| Place of publication, distribution, etc | Bournemouth, United Kingdom : |
| Name of publisher, distributor, etc | Lloyd Bowmaker Corporate Finance Division, |
| Date of publication, distribution, etc | [19--] |
| 300 ## - PHYSICAL DESCRIPTION | |
| Extent | 54 p. : |
| Other physical details | chart, photograph ; |
| Dimensions | 30 cm. |
| 500 ## - GENERAL NOTE | |
| General note | Appendix : p. 51-54. |
| 650 #0 - SUBJECT ADDED ENTRY--TOPICAL TERM | |
| 9 (RLIN) | 34733 |
| Topical term or geographic name as entry element | Industries |
| Geographic subdivision | England |
| -- | Yorkshire |
| 650 #0 - SUBJECT ADDED ENTRY--TOPICAL TERM | |
| 9 (RLIN) | 34734 |
| Topical term or geographic name as entry element | Industries |
| Geographic subdivision | England |
| -- | Humberside |
| 650 #0 - SUBJECT ADDED ENTRY--TOPICAL TERM | |
| 9 (RLIN) | 34735 |
| Topical term or geographic name as entry element | Industries |
| Geographic subdivision | England |
| -- | Cumbria |
| 653 ## - INDEX TERM--UNCONTROLLED | |
| Resource For college | |
| Arrived date list | December2013 |
| 655 ## - INDEX TERM--GENRE/FORM | |
| Form subdivision | |
| -- | 34232 |
| 942 ## - ADDED ENTRY ELEMENTS (KOHA) | |
| Source of classification or shelving scheme | Dewey Decimal Classification |
| Item type | Book - Borrowing |
| Call number prefix | 338.0942 PRO |
| Withdrawn status | Item status | Source of classification or shelving scheme | Damaged status | Not for loan | Vendor | Home library | Current library | Shelving location | Date acquired | Source of acquisition | Total Checkouts | Full call number | Barcode | Date last seen | Koha item type |
|---|---|---|---|---|---|---|---|---|---|---|---|---|---|---|---|
| Dewey Decimal Classification | Donation-Gift | Central Library | Central Library | First floor | 22/12/2013 | Donation | 338.0942 PRO | 000035260 | 15/07/2025 | Book - Borrowing | |||||
| Dewey Decimal Classification | Donation-Gift | Central Library | Central Library | First floor | 22/12/2013 | Donation | 338.0942 PRO | 000035261 | 15/07/2025 | Book - Borrowing |